Responses for Show #1308 - Wednesday, April 18, 1990

Contestants

[<< previous game]

Bette Greenfield, a travel agency owner from Morristown, New Jersey

Dave McCarthy, a lawyer from Chicago, Illinois

Liz Barnea, a librarian from Billings, Montana (whose 1-day cash winnings total $11,000)

[next game >>]

Jeopardy! Round responses

1962
(Alex: Remember that year?)
ANTIQUES
THEATER
TECHNOLOGY
PEOPLE
THE MIDWEST
    $100 17
Fidel Castro

Bette
    $100 19
a canopy

Dave
    $100 3
Uncle Vanya

Liz
    $100 16
IBM

Liz
    $100 11
Bruce Springsteen

Bette
    $100 1
Peoria

Liz
    $500 18
(Bette: What is the theme from "Gypsy?")

"The Stripper" (by David Rose)

Bette
    $200 20
wrought iron (or forged iron)

Dave
    $200 7
New Orleans

Bette
    $200 21
Venice

Dave
    $200 12
John Glenn

Liz
    $200 2
(Bette: What is...?)

Battle Creek, Michigan

DaveBette
    $300 24
the Second Vatican Council (Vatican II)

Dave
    $300 28
(Dave: What are dried flowers?)
[The end-of-round signal sounds.]

jewelry

Dave
Triple Stumper
    $300 8
Our American Cousin

Bette
    $300 22
digital tape

Dave
    $300 13
Dame Barbara Cartland

Dave
    $300 4
(Dave: Who are the Cincinnati Red Sox?)
(Bette: Who is Chicago?)
...
(Alex: Dave realizes he should have said just the city, what we were going for.)

Cincinnati

DaveBette
Triple Stumper
    $400 25
Algeria

Bette
    $400 9
St. Joan

Dave
    $400 23
(Bette: What is Jupiter?)
(Alex: Less than a minute to go in the round.)
[ERRATUM: Alex read "before it reached" on the sheet in front of him, while the clue on the board read "before it landed on".]

Mars

LizBette
    $400 14
Dr. Ralph Abernathy

Dave
    $400 5
Rochester

Liz
    $500 26
William Faulkner

Liz
    $500 10
(Liz: What is Irish?)

French (Jean Anouilh)

Liz
Triple Stumper
    $500 27
rectifiers

Triple Stumper
    $500 15
Adnan Khashoggi

Dave
    $500 6
Wisconsin

Dave

Scores at the first commercial break (after clue 15):

Liz Dave Bette
$300 $2,000 $100

Scores at the end of the Jeopardy! Round:

Liz Dave Bette
$1,300 $2,800 -$300

Double Jeopardy! Round responses

U.S. HISTORY
CATS
ENGLISH LITERATURE
COLLEGE NICKNAMES
PERFUME
THE MIDEAST
    $200 1
Arlington National Cemetery

Dave
    $200 26
Siamese

Dave
    $200 19
Oliver Twist

Liz
    $200 6
bloodhounds

Dave
    $200 14
Ireland

Dave
    $200 9
bedouins

Dave
    $400 2
Maryland

Dave
    $400 27
[The end-of-round signal sounds.]

the Black Death

Dave
    $400 20
James I

Liz
    $400 7
Hoyas

Dave
    $400 17
L'air du temps

Dave
    $400 10
Saudi Arabia

Liz
    $600 3
Standard Oil

Dave
    $600 21
(Dave: What is the Jabberwocky?)

the Jabberwock

Dave
Triple Stumper
    $600 8
cardinal

Liz
    $600 18
(Dave: What is Linen?)

White Linen

LizDave
    $600 11
United Arab Emirates

Liz
    $800 4
Scalawags

Triple Stumper
    $1,000 22
(Liz: [no response])
...
(Alex: Minute to go in the round...)

The West Wind

Liz
    $800 15
the Gators

Bette
    $800 24
Princess Stephanie of Monaco

Triple Stumper
    $800 12
the Hajj

Bette
    $1000 5
Arizona

Triple Stumper
    $1000 23
Addison & Steele

Bette
    $1000 16
(Dave: What is DePaul?)

Duke

Dave
Triple Stumper
    $1000 25
Uninhibited

Bette
    $1,000 13
(Bette: What is Yemen?)

Kuwait

Bette

Scores at the end of the Double Jeopardy! Round:

Liz Dave Bette
$3,100 $3,800 $2,300

[wagering suggestions for these scores]

Final Jeopardy! Round responses

13-LETTER WORDS
(Alex: ...in which spelling will be considered in this Final Jeopardy!)
BetteWhat is
$2,299
LizWhat is infinitesimal?
$1,600
DaveWhat is infinitessimal?
$2,401
infinitesimal

Final scores:

Liz Dave Bette
$4,700 $1,399 $1
2-day champion: $15,700 2nd place: Merillat shelving system & Emerson VCR 3rd place: Landes silver coffee & tea set

Game dynamics:

Coryat scores:

Liz Dave Bette
$4,100 $3,800 $3,800
13 R,
2 W
(including 1 DD)
21 R,
5 W
9 R,
5 W
(including 2 DDs)

Combined Coryat: $11,700

[game clues] [game scores] [suggest correction]

Game tape date: 1989-12-03
The J! Archive is created by fans, for fans. Scraping, republication, monetization, and malicious use prohibited; this site may use cookies and collect identifying information. See terms. The Jeopardy! game show and all elements thereof, including but not limited to copyright and trademark thereto, are the property of Jeopardy Productions, Inc. and are protected under law. This website is not affiliated with, sponsored by, or operated by Jeopardy Productions, Inc. Join the discussion at JBoard.tv.